| 000 | 00500nam a2200145 4500 | ||
|---|---|---|---|
| 999 |
_c10977 _d10977 |
||
| 008 | 181002b ||||| |||| 00| 0 eng d | ||
| 022 | _a2094-8042 | ||
| 082 | _aDPer 370.105 M72 Jan-Dec 2011 v59-60 | ||
| 100 |
_931885 _aGuiao, Maria Pia M. |
||
| 245 |
_aLesson plan in Music 1/ _cMaria Pia M. Guiao. |
||
| 260 |
_aPhilippines: _bIn the Grade School, Inc., _cc2011. |
||
| 300 |
_av60 n6, pages 252-255: _billustrations; _c27cm. |
||
| 650 | 0 |
_931886 _aProgrammed instruction _xMusic. |
|
| 942 |
_2ddc _cPER |
||